| 000 | 00876nam a2200229 a 4500 | ||
|---|---|---|---|
| 005 | 20210223124226.0 | ||
| 008 | 010702s1987 mx r 000 0 spa d | ||
| 020 | _a9683601227 | ||
| 035 | _aUPN01000109097 | ||
| 049 | _aCG | ||
| 050 | 4 |
_aPA4369 A5 _bQ8.88 |
|
| 100 | 1 | _aQueronea, Plutarco de | |
| 245 | 1 | 0 |
_aVidas de Agis y Cleómenes / _cPlutarco de Queronea ; estudio introductorio, tr. y notas de Ricardo Martínez Lacy. |
| 260 |
_aMéxico : _bUNAM, Instituto de Investigaciones Filológicas, _c1987. |
||
| 300 | _aclxv, 64 p. | ||
| 440 | 0 |
_aCuadernos del Centro de Estudios Clásicos ; _v25 |
|
| 500 | _aTexto en griego y español | ||
| 600 | 0 | 4 |
_aAGIS _bIV, _cREY DE ESPARTA, _dm.241 A.C. _92244 |
| 600 | 0 | 4 |
_aCLEOMENES _bIII, _cREY DE ESPARTA, _d235-219 A.C. _99345 |
| 651 | 4 |
_aESPARTA (CIUDAD DESAPARECIDA) - _xREYES Y GOBERNANTES - _vBIOGRAFIA _911698 |
|
| 905 | _aLibro | ||
| 999 |
_c83008 _d83008 |
||